000 00736cam a22002414a 4500
001 13609409
005 20180313051140.0
008 040528s2004 nyu 001 0 eng
010 _a 2004053181
020 _a1594480354
040 _aDLC
_cDLC
_dDLC
041 _aeng
042 _apcc
043 _an-us---
080 _a340.071173 EST
082 0 0 _a340.071173 EST
_222
100 1 _a14
101 _aJUR
245 1 0 _aHow to get into law school /
_cSusan Estrich ; [foreword by Kathleen M. Sullivan].
906 _a7
_bcbc
_corignew
_d1
_eocip
_f20
_gy-gencatlg
942 _2ddc
_cBK
999 _c44847
_d44847